000 01757cam a2200373 a 4500
005 20260322212056.0
008 data
010 _a 2009543748
020 _a9780307716989
020 _a0307716988
040 _aUPZ
_cUPZ
_dDLC
_dGO3
_dDLC
042 _alccopycat
043 _an-us---
050 0 0 _aML420.J175
_bA3 2009
082 0 0 _aB
_aB
_222
099 _aJACKSM
100 1 _aJackson, Michael,
_d1958-2009.
245 1 0 _aMoonwalk /
_cMichael Jackson.
246 3 _aMoon walk
250 _aRev. ed.
260 _aNew York :
_bHarmony Books,
_cc2009.
300 _a300 p., [16] p. of plates, [2] p. of folded plates :
_bill. (some col.) ;
_c24 cm.
500 _aOriginally published, in slightly different form: New York : Doubleday, 1988.
520 _aMichael Jackson's only autobiography, illustrated with rare photographs from Jackson family albums and Michael's personal photographic archives, as well as a drawing done by Michael exclusively for this book.
600 1 0 _aJackson, Michael,
_d1958-2009.
650 0 _aRock musicians
_zUnited States
_vBiography.
856 4 2 _3Contributor biographical information
_uhttp://www.loc.gov/catdir/enhancements/fy1004/2009543748-b.html
856 4 2 _3Publisher description
_uhttp://www.loc.gov/catdir/enhancements/fy1004/2009543748-d.html
856 4 1 _3Sample text
_uhttp://www.loc.gov/catdir/enhancements/fy1004/2009543748-s.html
906 _a7
_bcbc
_ccopycat
_d2
_encip
_f20
_gy-gencatlg
925 0 _aacquire
_b2 shelf copies
_xpolicy default
955 _evk05 2010-04-01 to CALM
_wrd11 2009-12-01
_evk05 2010-04-01 to CALM
001 data
999 _c1324
_d1324